The year each monarch began their reign - Statistics

General Stats
  • This quiz has been taken 6 times
  • The average score is 13 of 15
Answer Stats
The Monarch When their reign began % Correct
Henry VII 1485
100%
Henry VIII 1509
100%
Edward VI 1547
100%
Mary I 1553
100%
Elizabeth I 1558
100%
James I 1603
100%
Charles II 1660
100%
Anne 1702
100%
Charles I 1625
83%
William III and Mary II 1688
83%
Edward V 1483
67%
Richard III 1483
67%
James II 1685
67%
Henry VI 1422
50%
Edward IV 1460
50%
No matching quizzes found
Score Distribution
Percent of People with Each Score
Percentile by Number Answered
Your Score History
You have not taken this quiz